000 00591nam a2200229Ia 4500
003 OSt
005 20221005121647.0
006 a|||||r|||| 00| 0
007 ta
008 221004b |||||||| |||| 00| 0 eng d
024 _a65446
037 _cTextual
040 _aCRL
_cCRL
_beng
041 _2eng
_aeng
082 _aV465:71, J7
245 0 _aHoly land
_b New lighr on the history and early history of Israel.
260 _c1957
490 _aAntiquity and survival,; 2:2-3
650 _aHISTORY
942 _hV465:71, J7
_cTEXL
_2cc
999 _c1041857
_d1041857